<?xml version="1.0" encoding="UTF-8"?><?xml-stylesheet type="text/xsl" href="static/style.xsl"?><OAI-PMH xmlns="http://www.openarchives.org/OAI/2.0/" xmlns:xsi="http://www.w3.org/2001/XMLSchema-instance" xsi:schemaLocation="http://www.openarchives.org/OAI/2.0/ http://www.openarchives.org/OAI/2.0/OAI-PMH.xsd"><responseDate>2026-06-04T20:29:24Z</responseDate><request verb="GetRecord" identifier="oai:riubu.ubu.es:10259/5932" metadataPrefix="marc">https://riubu.ubu.es/oai/request</request><GetRecord><record><header><identifier>oai:riubu.ubu.es:10259/5932</identifier><datestamp>2023-10-09T22:42:13Z</datestamp><setSpec>com_10259_2699</setSpec><setSpec>col_10259_2709</setSpec></header><metadata><record xmlns="http://www.loc.gov/MARC21/slim" xmlns:doc="http://www.lyncode.com/xoai" xmlns:xsi="http://www.w3.org/2001/XMLSchema-instance" xmlns:dcterms="http://purl.org/dc/terms/" xsi:schemaLocation="http://www.loc.gov/MARC21/slim http://www.loc.gov/standards/marcxml/schema/MARC21slim.xsd">
<leader>00925njm 22002777a 4500</leader>
<datafield tag="042" ind1=" " ind2=" ">
<subfield code="a">dc</subfield>
</datafield>
<datafield tag="720" ind1=" " ind2=" ">
<subfield code="a">Diéguez Morán, Macarena</subfield>
<subfield code="e">author</subfield>
</datafield>
<datafield tag="260" ind1=" " ind2=" ">
<subfield code="c">2020</subfield>
</datafield>
<datafield tag="520" ind1=" " ind2=" ">
<subfield code="a">El autor de una obra de nueva creación adquiere el monopolio de las facultades morales y patrimoniales que integran el derecho de autor sobre la misma y que pueden quedar limitadas por la ley cuando concurra un motivo suficiente, como la necesidad de salvaguardar otros intereses que se estima deben prevalecer sobre el derecho de autor: la difusión de la cultura, el derecho de educación, el desarrollo científico, el derecho a suministrar y recibir libremente información veraz. Ejemplo de ello son los límites al derecho de autor que regula el artículo 32 del Texto refundido de la Ley de Propiedad Intelectual: el derecho de cita y el límite que permite la elaboración de las revistas de prensa (apartado primero); el límite en favor de los prestadores de servicios electrónicos&#xd;
–agregadores de contenidos y buscadores– (apartado segundo); y la ilustración con fines docentes o de investigación científica (apartados tercero a quinto).</subfield>
</datafield>
<datafield tag="024" ind2=" " ind1="8">
<subfield code="a">http://hdl.handle.net/10259/5932</subfield>
</datafield>
<datafield tag="024" ind2=" " ind1="8">
<subfield code="a">10.36443/10259/5932</subfield>
</datafield>
<datafield ind1=" " ind2=" " tag="653">
<subfield code="a">Propiedad intelectual</subfield>
</datafield>
<datafield ind1=" " ind2=" " tag="653">
<subfield code="a">Derecho de autor</subfield>
</datafield>
<datafield ind1=" " ind2=" " tag="653">
<subfield code="a">Límites</subfield>
</datafield>
<datafield ind1=" " ind2=" " tag="653">
<subfield code="a">Cita</subfield>
</datafield>
<datafield ind1=" " ind2=" " tag="653">
<subfield code="a">Ilustración</subfield>
</datafield>
<datafield ind1=" " ind2=" " tag="653">
<subfield code="a">Intellectual property</subfield>
</datafield>
<datafield ind1=" " ind2=" " tag="653">
<subfield code="a">Copyright</subfield>
</datafield>
<datafield ind1=" " ind2=" " tag="653">
<subfield code="a">Limitations</subfield>
</datafield>
<datafield ind1=" " ind2=" " tag="653">
<subfield code="a">Quotation</subfield>
</datafield>
<datafield ind1=" " ind2=" " tag="653">
<subfield code="a">Illustration</subfield>
</datafield>
<datafield tag="245" ind1="0" ind2="0">
<subfield code="a">Estudio de los límites al derecho de autor regulados en el artículo 32 del texto refundido de la Ley de Propiedad Intelectual</subfield>
</datafield>
</record></metadata></record></GetRecord></OAI-PMH>